A Companion to the History of Economic Thought / (Record no. 2415)
[ view plain ]
| 000 -LEADER | |
|---|---|
| fixed length control field | 01244nac a22002651u 4500 |
| 008 - FIXED-LENGTH DATA ELEMENTS--GENERAL INFORMATION | |
| fixed length control field | 090407t xxu||||| |||| 00| 0 eng d |
| 020 ## - INTERNATIONAL STANDARD BOOK NUMBER | |
| International Standard Book Number | 1405134593 |
| 020 ## - INTERNATIONAL STANDARD BOOK NUMBER | |
| International Standard Book Number | 9780631225737 |
| 020 ## - INTERNATIONAL STANDARD BOOK NUMBER | |
| International Standard Book Number | 9781405134590 |
| 020 ## - INTERNATIONAL STANDARD BOOK NUMBER | |
| International Standard Book Number | 0631225730 |
| 082 00 - DEWEY DECIMAL CLASSIFICATION NUMBER | |
| Classification number | 330.1 |
| Item number | COM |
| Edition number | 21 |
| 245 12 - TITLE STATEMENT | |
| Title | A Companion to the History of Economic Thought / |
| Statement of responsibility, etc | edited by Warren J. Samuels, Jeff E. Biddle, John B. Davis. |
| 260 ## - PUBLICATION, DISTRIBUTION, ETC. (IMPRINT) | |
| Place of publication, distribution, etc | Malden, MA : |
| Name of publisher, distributor, etc | Blackwell, |
| Date of publication, distribution, etc | c2007. |
| 300 ## - PHYSICAL DESCRIPTION | |
| Extent | xvii, 712 p. ; |
| Dimensions | 26 cm. |
| 440 #0 - | |
| -- | Blackwell companions to contemporary economics |
| -- | 3333 |
| 504 ## - BIBLIOGRAPHY, ETC. NOTE | |
| Bibliography, etc | Includes bibliographical references and indexes. |
| 650 #0 - SUBJECT ADDED ENTRY--TOPICAL TERM | |
| Topical term or geographic name as entry element | Economics |
| General subdivision | History. |
| 9 (RLIN) | 3334 |
| 650 #0 - SUBJECT ADDED ENTRY--TOPICAL TERM | |
| Topical term or geographic name as entry element | Economics |
| General subdivision | Historiography. |
| 9 (RLIN) | 3335 |
| 700 1# - ADDED ENTRY--PERSONAL NAME | |
| Personal name | Biddle, Jeff. |
| 9 (RLIN) | 3336 |
| 700 1# - ADDED ENTRY--PERSONAL NAME | |
| Personal name | Davis, John Bryan. |
| 9 (RLIN) | 3337 |
| 700 1# - ADDED ENTRY--PERSONAL NAME | |
| Personal name | Samuels, Warren J., |
| Dates associated with a name | 1933- |
| 9 (RLIN) | 3338 |
| 942 ## - ADDED ENTRY ELEMENTS (KOHA) | |
| Item type | Book - Borrowing |
| Call number prefix | 330.1 COM |
| Source of classification or shelving scheme | Dewey Decimal Classification |
| Withdrawn status | Item status | Source of classification or shelving scheme | Damaged status | Not for loan | Vendor | Home library | Current library | Shelving location | Date acquired | Source of acquisition | Total Checkouts | Total Renewals | Full call number | Barcode | Date last seen | Date last borrowed | Koha item type | Cost, normal purchase price | Serial Enumeration / chronology |
|---|---|---|---|---|---|---|---|---|---|---|---|---|---|---|---|---|---|---|---|
| Dewey Decimal Classification | unknown | Central Library | Central Library | First floor | 19/02/2007 | 4 | 1 | 330.1 COM | 000001705 | 15/07/2025 | 23/11/2015 | Book - Borrowing | |||||||
| Dewey Decimal Classification | Baccah | Central Library | Central Library | First floor | 07/04/2009 | 5 | 21 | 330.1 COM | 000015812 | 15/07/2025 | 25/09/2016 | Book - Borrowing | 300.00 | 6993 |